000 00533nmm a2200193Ia 4500
008 251105s9999||||xx |||||||||||||||||und||
020 _a9788489846920
041 _aspa
100 _aGonchárov, Iván A.
245 0 _aOblómov
264 _a[Madrid, España] :
_bAlba Editorial,
_c2016
300 _a644 páginas
490 _aAlba Clásica
650 _aOther narratives
700 _aGonchárov, Iván A.
700 1 _a Kúper de Velasco, Lydia
856 _uhttps://public.digitaliapublishing.com/a/48912
942 _cCF
999 _c66269
_d66269